000
00291nam a2200121Ia 4500
008
190216s9999||||xx |||||||||||||| ||und||
100
_a
Margaret M Maison
245
0
_a
Examine Your English
260
_b
Orient Longman
_c
1966
300
_a
247p
650
_a
English Literature
942
_c
BK
999
_c
11847
_d
11847